QuickBooks 2010 : (Record no. 7397)

000 -LEADER
fixed length control field 01116nam a2200313 a 4500
001 - CONTROL NUMBER
control field VNU140137161
005 - DATE AND TIME OF LATEST TRANSACTION
control field 20200924215532.0
008 - FIXED-LENGTH DATA ELEMENTS--GENERAL INFORMATION
fixed length control field 120207s2010 xxc|||||||||||||||||eng||
020 ## - INTERNATIONAL STANDARD BOOK NUMBER
International Standard Book Number 0071633383
020 ## - INTERNATIONAL STANDARD BOOK NUMBER
International Standard Book Number 9780071633383
040 ## - CATALOGING SOURCE
Original cataloging agency ISVNU
Language of cataloging vie
Transcribing agency ISVNU
Description conventions aaacr2
041 0# - LANGUAGE CODE
Language code of text/sound track or separate title eng
044 ## - COUNTRY OF PUBLISHING/PRODUCING ENTITY CODE
MARC country code xxc
082 74 - DEWEY DECIMAL CLASSIFICATION NUMBER
Classification number 657.9042028553
Edition number 22
090 ## - LOCALLY ASSIGNED LC-TYPE CALL NUMBER (OCLC); LOCAL CALL NUMBER (RLIN)
Classification number (OCLC) (R) ; Classification number, CALL (RLIN) (NR) 657
Local cutter number (OCLC) ; Book number/undivided call number, CALL (RLIN) CAP 2010
100 1# - MAIN ENTRY--PERSONAL NAME
Personal name Capachietti, Leslie
245 10 - TITLE STATEMENT
Title QuickBooks 2010 :
Remainder of title the official guide : for QuickBooks Pro users /
Statement of responsibility, etc. Leslie Capachietti
246 ## - VARYING FORM OF TITLE
Title proper/short title QuickBooks 2010 :
Remainder of title financial software
260 ## - PUBLICATION, DISTRIBUTION, ETC.
Place of publication, distribution, etc. New York :
Name of publisher, distributor, etc. McGraw-Hill/Iwin,
Date of publication, distribution, etc. 2010
300 ## - PHYSICAL DESCRIPTION
Extent xxxii, 574 p. :
Other physical details ill. ;
Dimensions 24cm.
520 ## - SUMMARY, ETC.
Summary, etc. Explains how to use QuickBooks to set-up and manage bookkeeping systems, track invoices, pay bills, manage payroll, generate reports, and determine job costs.
650 #0 - SUBJECT ADDED ENTRY--TOPICAL TERM
Topical term or geographic name entry element Small business
Relator term Accounting
General subdivision Computer programs.
650 #0 - SUBJECT ADDED ENTRY--TOPICAL TERM
Topical term or geographic name entry element Small business
Relator term Finance
General subdivision Computer programs
653 ## - INDEX TERM--UNCONTROLLED
Uncontrolled term Kế toán
653 ## - INDEX TERM--UNCONTROLLED
Uncontrolled term Phần mềm kế toán
912 ## -
-- Nguyễn Thị Dung
913 ## -
-- Khoa Quốc tế 01
942 ## - ADDED ENTRY ELEMENTS (KOHA)
Source of classification or shelving scheme
Koha item type Giáo trình
Holdings
Withdrawn status Lost status Source of classification or shelving scheme Damaged status Not for loan Home library Current library Shelving location Date acquired Source of acquisition Total Checkouts Full call number Barcode Date last seen Price effective from Koha item type
N/A N/A   N/A N/A Thư viện Trường Quốc tế - Cơ sở Xuân Thủy Thư viện Trường Quốc tế - Cơ sở Xuân Thủy Kho STK tiếng Anh 18/09/2014 1   657 CAP 2010 E-B7/06947 23/09/2019 23/10/2019 Giáo trình